NBA Dunk Contest Winners - Statistics

General Stats
  • This quiz has been taken 5 times
  • The average score is 14 of 41
Answer Stats
Hint Answer % Correct
1997 Kobe Bryant
100%
2025 Mac McClung
100%
2024 Mac McClung
100%
2023 Mac McClung
100%
1988 Michael Jordan
100%
1987 Michael Jordan
100%
2016 Zach LaVine
100%
2015 Zach LaVine
100%
2011 Blake Griffin
67%
2008 Dwight Howard
67%
2026 Keshad Johnson
67%
2000 Vince Carter
67%
1996 Brent Barry
33%
2020 Derrick Jones Jr.
33%
2018 Donovan Mitchell
33%
2004 Fred Jones
33%
2017 Glenn Robinson III
33%
1994 Isiah Rider
33%
2005 Josh Smith
33%
2010 Nate Robinson
33%
2009 Nate Robinson
33%
2006 Nate Robinson
33%
2021 Anfernee Simons
0%
1992 Cedric Ceballos
0%
1991 Dee Brown
0%
2001 Desmond Mason
0%
1990 Dominique Wilkins
0%
1985 Dominique Wilkins
0%
2007 Gerald Green
0%
2019 Hamidou Diallo
0%
1995 Harold Miner
0%
1993 Harold Miner
0%
2003 Jason Richardson
0%
2002 Jason Richardson
0%
2012 Jeremy Evans
0%
2014 John Wall
0%
1989 Kenny Walker
0%
1984 Larry Nance
0%
2022 Obi Toppin
0%
1986 Spud Webb
0%
2013 Terrence Ross
0%
No matching quizzes found
Score Distribution
Percent of People with Each Score
Percentile by Number Answered
Your Score History
You have not taken this quiz